Szczegóły MARC21

Ziemia Wałecka w dobie reformacji i kontrreformacji w XVI-XVIII w. /

003 -Nazwa inst., której nr kontr. jest w polu 001 [,]
    • @
    • Nazwa instytucji, której n kontrolny jest w polu 001
    • NUKAT
005 -DATA I CZAS OSTATNIEJ MODYFIKACJI [,]
    • @
    • pole kontrolne
    • 20241231113443.0
020 -Międzynarod. znormalizowany nr książki - ISBN [ , ]
    • a
    • Numer ISBN
    • 8391000516 Find
040 -Instytucja sporządzająca opis [ , ]
    • a
    • Instytucja, która sporządziła opis (NP)
    • POZN U/WA
    • c
    • Instytucja, która sporządziła rekord (NP)
    • POZN U/WA
    • d
    • Instytucja, która zmodyfikowała rekord (P)
    • POZN U/BW
    • d
    • Instytucja, która zmodyfikowała rekord (P)
    • POZN U/BOs
    • d
    • Instytucja, która zmodyfikowała rekord (P)
    • WA U/MKKs
041 -Język dokumentu [0, ]
    • a
    • Język tekstu (P)
    • polski
    • b
    • Język streszczeń lub abstraktu (P)
    • ger
942 -Rodzaj dokumentu [ , ]
    • c
    • Rodzaj dokumentu
    • Książka
100 -Hasło główne - nazwa osobowa [1, ]
    • a
    • Nazwa osobowa (NP)
    • Bąk, Ludwik
    • d
    • Daty biograficzne (NP)
    • (1933-2007).
    • 9
    • KHW
    • 674889
245 -Strefa tytułu i oznaczenia odpowiedzialności [1,0]
    • a
    • Tytuł
    • Ziemia Wałecka w dobie reformacji i kontrreformacji w XVI-XVIII w. / Find
    • c
    • Pozostałe elementy strefy tytułu i oznaczenia odpowiedzialności (NP)
    • Ludwik Bąk.
260 -Strefa adresu wydawniczego [ , ]
    • a
    • Miejsce wydania (P)
    • Piła :
    • b
    • Nazwa wydawcy (P)
    • Wydaw. Ekolog,
    • c
    • Data wydania (P)
    • 1999.
300 -Strefa opisu fizycznego [ , ]
    • a
    • Określenie formy książki i/lub objętość (NP)
    • 546, [1] s., [64] s. tabl., [6] k. map luź. :
    • b
    • Oznaczenie ilustracji (NP)
    • il., faks., mapy ;
    • c
    • Format (NP)
    • 25 cm.
336 -Typ zawartości [ , ]
    • a
    • Termin opisujący typ zawartości
    • Tekst
    • b
    • Kod określający zawartość
    • txt
    • 2
    • Źródło (terminu i kodu)
    • rdacontent
337 -Typ mediów [ , ]
    • a
    • Tryb odtwarzania
    • Bez urządzenia pośredniczącego
    • b
    • Kod typu mediów
    • n
    • 2
    • Źródło (terminu i kodu)
    • rdamedia
338 -Typ/rodzaj nośnika [ , ]
    • a
    • Hasło opisujące typ nośnika
    • Wolumin
    • b
    • Kod typu nośnika
    • nc
    • 2
    • Źródło (terminu i kodu)
    • rdacarrier
504 -Uwaga dot. bibliogr. załącznikowej [ , ]
    • a
    • Uwaga dot. bibliografii załącznikowej
    • Bibliogr. s. 511-520. Indeks.
546 -Uwaga dot. języka [ , ]
    • a
    • Uwaga dot. języka
    • Streszcz. niem.
650 -Hasło przedmiotowe [ ,7]
    • a
    • Hasło przedmiotowe
    • Protestantyzm
    • z
    • Określnik geograficzny
    • Polska
    • z
    • Określnik geograficzny
    • Wałcz (region)
    • y
    • Określnik chronologiczny
    • 1500-1800.
    • 2
    • Źródło terminu
    • kaba
    • 9
    • KHW
    • 675166
650 -Hasło przedmiotowe [ ,7]
    • a
    • Hasło przedmiotowe
    • Kontrreformacja
    • z
    • Określnik geograficzny
    • Polska
    • z
    • Określnik geograficzny
    • Wałcz (region).
    • 2
    • Źródło terminu
    • kaba
    • 9
    • KHW
    • 675163
650 -Hasło przedmiotowe [ ,7]
    • a
    • Hasło przedmiotowe
    • Reformacja
    • z
    • Określnik geograficzny
    • Polska
    • z
    • Określnik geograficzny
    • Wałcz (region).
    • 2
    • Źródło terminu
    • kaba
    • 9
    • KHW
    • 675164
651 -Hasło przedmiotowe w formie nazwy geograficznej [ ,7]
    • a
    • Nazwa geograficzna
    • Wałcz (Polska ; region)
    • x
    • Określnik rzeczowy
    • życie religijne
    • y
    • Określnik chronologiczny
    • 1500-1800.
    • 2
    • Źródło terminu
    • kaba
    • 9
    • KHW
    • 675165
920 -ISBN [ , ]
    • a
    • ISBN
    • 83-910005-1-6 Find
Numer inwentarzowy Status udost. Data inwentaryzacji Lokalizacja Obwoluta
E.81086-22023-02-28BE1